000 01038nam a2200325 u 4500
001 000047243
003 OSt
005 20220221105038.0
008 111006s2009 ck a br| 000 0 spa d
020 _a9789588296210
020 _a9789588296395
040 _aCO-MqBPB
_bspa
_cCO-MqBPB
043 _as-ck---
090 _aC
_bPELM
100 1 _aPellegrino, Mariana Inés.
245 1 3 _aEl punto y la raya /
_cMariana Inés Pellegrino ; ilustraciones Mariana Nemitz ; diseño Sandra Donin y Martha Cuart.
260 _aBogotá :
_bCangrejo,
_c2009.
300 _a[30] páginas :
_bilustraciones.
490 0 _a¡Qué bueno ser distintos!
650 1 7 _aCuento infantil
650 2 7 _aLiteratura infantil
650 2 7 _aLiteratura argentina
650 2 7 _aEducación preescolar en la literatura
650 2 7 _aDiferencias individuales en la literatura
650 2 7 _aLibros ilustrados para niños
700 1 _aNemitz, Mariana,
_eil.
700 1 _aDonin, Sandra,
_edise.
700 1 _aCuart, Martha,
_edise.
942 _2ddc
_cBKLIT
999 _c2954
_d2954